000 00661nam a22002177a 4500
003 UA-OsUOA
001 84462
007 ta
008 20120601b un ||||| |||| 00| 0 ukr d
100 _aСіденко В.
090 _a330(477)
_bС41
942 _cSA
040 _aUA-OsUOA
_bukr
_cUA-OsUOA
_dUA-OsUOA
245 _aМодифікація світової економіки під впливом новітніх факторів глобальної трансформаційної кризи
300 _aС.18-32
955 _a0
041 _aukr
080 _a330(477)
773 0 _w84461
650 7 _a330 Економіка взагалі
_2UDC
999 _c370780
_d370780